Corazón de sol / (Registro nro. 7476)
[ vista simple ]
| 000 -CABECERA | |
|---|---|
| campo de control de longitud fija | 01478nam a2200217 a 4500 |
| 001 - NÚMERO DE CONTROL | |
| campo de control | 000007697 |
| 005 - FECHA Y HORA DE LA ÚLTIMA TRANSACCIÓN | |
| campo de control | 20240412074205.0 |
| 008 - DATOS DE LONGITUD FIJA--INFORMACIÓN GENERAL | |
| campo de control de longitud fija | 090907s2008 dr 000 0 spa d |
| 040 ## - FUENTE DE LA CATALOGACIÓN | |
| Centro catalogador/agencia de origen | DO-SdBNP |
| Centro/agencia transcriptor | BNPHU |
| 082 ## - NÚMERO DE LA CLASIFICACIÓN DECIMAL DEWEY | |
| Número de clasificación | RD861.5 |
| Número de documento/Ítem | J61c |
| 100 1# - ENTRADA PRINCIPAL--NOMBRE DE PERSONA | |
| Nombre de persona | Jiménez, José Lizander, |
| Fechas asociadas al nombre | 1990 - |
| 9 (RLIN) | 21350 |
| 245 10 - MENCIÓN DE TÍTULO | |
| Título | Corazón de sol / |
| Mención de responsabilidad, etc. | José Lizander Jiménez. |
| 260 ## - PUBLICACIÓN, DISTRIBUCIÓN, ETC. | |
| Lugar de publicación, distribución, etc. | Monseñor Nouel, República Dominicana : |
| Nombre del editor, distribuidor, etc. | [s. n.], |
| Fecha de publicación, distribución, etc. | 2008. |
| 300 ## - DESCRIPCIÓN FÍSICA | |
| Extensión | 50 p. ; |
| Dimensiones | 22cm. |
| 500 ## - NOTA GENERAL | |
| Nota general | Incluye datos biográficos del autor |
| 505 0# - NOTA DE CONTENIDO CON FORMATO | |
| Nota de contenido con formato | Corazón. Vivir sin tí -- Para siempre -- Tan cerca y lejos a la ves -- Locura -- Tu retrato -- Mundo Moderno -- Desahógate -- Amor sincero -- Te odio -- La mataste -- Te quiero y te ignoro -- Pensamientos profundos -- Confesión de amor -- Carta de un niño que no llego -- Mi amiga -- Bellezas de las mujeres -- Nuestro país -- División -- Acabándose -- Descontrol de amor -- Sin regreso -- Sin ti jamás -- Acéptame -- De amor a odio -- Regresa -- Fantasías -- Estoy enamorado -- Conquista -- Besos robados -- Te extraño -- Tu abrigo -- Pinceladas de amor -- Te cambié -- Pensando en tí -- No me dejes -- Poeta -- No puedo estar sin âtí -- La endémica -- Nuestra isla -- Te espero -- Padre -- Sin tí -- Como es que soy poeta -- En el desierto. |
| 590 ## - NOTA LOCAL (RLIN) | |
| Nota local | La biblioteca posee un ejemplar autografiado por el autor |
| 650 #0 - PUNTO DE ACCESO ADICIONAL DE MATERIA--TÉRMINO DE MATERIA | |
| Término de materia o nombre geográfico como elemento de entrada | Poesía dominicana |
| 9 (RLIN) | 66 |
| 650 #0 - PUNTO DE ACCESO ADICIONAL DE MATERIA--TÉRMINO DE MATERIA | |
| Término de materia o nombre geográfico como elemento de entrada | Literatura dominicana. |
| 9 (RLIN) | 67 |
| 910 ## - DATOS DE OPCIÓN DEL USUARIO (OCLC) | |
| Datos de opción del usuario | Validado. Control de calidad BNPHU |
| Estado de retiro | Estado de pérdida | Restricciones de uso | No para préstamo | Código de colección | Localización permanente | Ubicación/localización actual | Ubicación en estantería | Fecha de adquisición | Número de inventario | Total de préstamos | Signatura topográfica completa | Código de barras | Fecha visto por última vez | Número de copia | Precio válido a partir de | Tipo de ítem Koha |
|---|---|---|---|---|---|---|---|---|---|---|---|---|---|---|---|---|
| Dominicana de Servicio | General | General | Depósito | 13.04.2011 | LF1 | RD861.5 J614c | 7697-30 | 25.06.2020 | e. 3 | 25.06.2020 | Libro y Folleto Colección Dominicana de Servicio | |||||
| Excluido de préstamo | Patrimonio Dominicano | Patrimonio Dominicano | Patrimonio Dominicano | Depósito | 06.10.2009 | LF1 | RD861.5 J614c | 7697-10 | 25.06.2020 | 25.06.2020 | Libro y Folleto Colección Patrimonio Dominicano | |||||
| Excluido de préstamo | Patrimonio Dominicano | Patrimonio Dominicano | Patrimonio Dominicano | Depósito | 06.10.2009 | LF1 | RD861.5 J614c | 7697-20 | 25.06.2020 | e. 2 | 25.06.2020 | Libro y Folleto Colección Patrimonio Dominicano |
